<?xml version="1.0" encoding="UTF-8"?>
<record
    xmlns:xsi="http://www.w3.org/2001/XMLSchema-instance"
    xsi:schemaLocation="http://www.loc.gov/MARC21/slim http://www.loc.gov/standards/marcxml/schema/MARC21slim.xsd"
    xmlns="http://www.loc.gov/MARC21/slim">

  <leader>00757nab a2200229 uc4500</leader>
  <controlfield tag="001">778136</controlfield>
  <controlfield tag="005">20250220092111.0</controlfield>
  <controlfield tag="008">021004s2002                        spa  </controlfield>
  <datafield tag="035" ind1=" " ind2=" ">
    <subfield code="a">778136</subfield>
  </datafield>
  <datafield tag="035" ind1=" " ind2=" ">
    <subfield code="a">(OCoLC)819991658</subfield>
  </datafield>
  <datafield tag="040" ind1=" " ind2=" ">
    <subfield code="c">comduadb</subfield>
  </datafield>
  <datafield tag="041" ind1=" " ind2=" ">
    <subfield code="a">spa</subfield>
  </datafield>
  <datafield tag="100" ind1="1" ind2="0">
    <subfield code="a">Mendiluce, Jose Maria</subfield>
    <subfield code="4">aut</subfield>
    <subfield code="e">aut</subfield>
    <subfield code="9">494990</subfield>
  </datafield>
  <datafield tag="245" ind1="1" ind2="0">
    <subfield code="a">Globalizacion : violencia y politica</subfield>
  </datafield>
  <datafield tag="650" ind1=" " ind2="0">
    <subfield code="a">Violencia pol&#xED;tica - Am&#xE9;rica Latina</subfield>
    <subfield code="9">18128</subfield>
  </datafield>
  <datafield tag="650" ind1=" " ind2="7">
    <subfield code="a">Movimiento antiglobalizaci&#xF3;n</subfield>
    <subfield code="2">lemb</subfield>
    <subfield code="9">99737</subfield>
  </datafield>
  <datafield tag="650" ind1=" " ind2=" ">
    <subfield code="a">Globalizaci&#xF3;n y democracia</subfield>
    <subfield code="9">102395</subfield>
  </datafield>
  <datafield tag="650" ind1=" " ind2="7">
    <subfield code="a">No-violencia</subfield>
    <subfield code="2">lemb</subfield>
    <subfield code="9">97992</subfield>
  </datafield>
  <datafield tag="650" ind1=" " ind2=" ">
    <subfield code="a">Globalizaci&#xF3;n y sociedad</subfield>
    <subfield code="9">107406</subfield>
  </datafield>
  <datafield tag="773" ind1="0" ind2=" ">
    <subfield code="t">Debates (Medell&#xED;n)</subfield>
    <subfield code="g">N&#xFA;mero 33, Abril-Agosto 2002, p. 75-77</subfield>
    <subfield code="w">628405</subfield>
    <subfield code="z">1657429X</subfield>
    <subfield code="0">162056</subfield>
  </datafield>
  <datafield tag="942" ind1=" " ind2=" ">
    <subfield code="c">ARIMP</subfield>
  </datafield>
  <datafield tag="999" ind1=" " ind2=" ">
    <subfield code="c">256935</subfield>
    <subfield code="d">256935</subfield>
  </datafield>
</record>
